000 00417pab a2200169 454500
008 180718b1997 xxu||||| |||| 00| 0 eng d
100 _aNayar, Kuldip
245 _aFighting corruption: is CBI afraid to put its act together?
260 _c1997
300 _ap.5-6
362 _a22 Jun
650 _aPolice - India
650 _acorruption - India
650 _aCorruption
773 _aJanata
909 _a35018
999 _c35018
_d35018